عرض عادي عرض مارك
  • الإشارات

مدخل مصطلح موضوعي

عدد التسجيلات المستخدمة في: 1

001 - رقم الضبط

  • حقل الضبط: 61041

003 - معرف رقم الضبط

  • حقل الضبط: OSt

005 - تاريخ ووقت أخر عملية

  • حقل الضبط: 20180331161801.0

008 - عناصر بيانات ثابتة الطول

  • حقل تحكم ثابت الطول: 180331|| aca||aabn | a|a d

040 ## - مصدر الفهرسة

  • هيئة الفهرسة الأصلية: OSt
  • وكالة الكتابة: OSt

150 ## - مدخل-- مصطلح تاريخي

  • عنصر مدخل المصطلح الموضوعي او الاسم الجغرافي: الإشارات
  • تفريع شكلي: معاجم

670 ## - بيانات المصدر موجوده

  • الاستشهاد بالمصدر: Work cat.: (OSt): 60886 خطاب، محمد أحمد, قاموس لغة الإشارة واضطرابات النطق والكلام واللغة /, 2018..